[Event "New Zealand Seniors Championship 2017"]
[Site "Mount Manganui NZL"]
[Date "2017.09.03"]
[Round "5.1"]
[White "Steadman, Michael V R"]
[Black "Dive, Russell J"]
[Result "0-1"]
[WhiteElo "2260"]
[BlackElo "2434"]
[PlyCount "48"]
[EventDate "2017.09.01"]

1. d4 Nf6 2. c4 e6 3. Nc3 Bb4 4. Qc2 c5 5. dxc5 O-O 6. Bg5 Nc6 7. h4 Bxc5 8. e3
d5 9. Nf3 Be7 10. Rd1 Qa5 11. Nd2 dxc4 12. Nxc4 Qc5 13. a3 b5 14. b4 Nxb4 15.
axb4 Qxb4 16. Nd2 a6 17. Rb1 Qa5 18. Qb2 Bb7 19. Nb3 Qb6 20. Nd4 h6 21. Bf4
Rac8 22. Nd1 Nd5 23. Rh3 Nxf4 24. exf4 Bf6 0-1

[Event "New Zealand Seniors Championship 2017"]
[Site "Mount Manganui NZL"]
[Date "2017.09.03"]
[Round "5.2"]
[White "Findlay, John"]
[Black "Lim, Benjamin U"]
[Result "1/2-1/2"]
[WhiteElo "1677"]
[BlackElo "2024"]
[PlyCount "141"]
[EventDate "2017.09.01"]

1. e4 c5 2. Nf3 d6 3. d4 cxd4 4. Nxd4 Nf6 5. Nc3 a6 6. Bg5 e6 7. f4 Qc7 8. Bxf6
gxf6 9. Qf3 b5 10. Bd3 b4 11. Nce2 Bb7 12. Qh5 Bc8 13. O-O-O Bd7 14. Kb1 Nc6
15. Rc1 Nxd4 16. Nxd4 Qc5 17. Qxc5 dxc5 18. Nf3 Bh6 19. g3 e5 20. Rcg1 exf4 21.
g4 Rg8 22. h3 a5 23. Nh4 O-O-O 24. Nf5 Bxf5 25. exf5 Bf8 26. Bc4 Rg7 27. Kc1
Bd6 28. Rd1 Kc7 29. b3 Ra8 30. Rd3 Be5 31. Rf1 h5 32. gxh5 Rh8 33. Rdf3 Rxh5
34. Rh1 Rxf5 35. Kd1 Rfg5 36. Ke2 Rg2+ 37. Rf2 f3+ 38. Kxf3 R7g3+ 39. Ke2 Bd4
40. Rxg2 Rxg2+ 41. Kd1 Be3 42. Bd3 Kd6 43. h4 Kd5 44. Rf1 Rf2 45. Rxf2 Bxf2 46.
h5 Be3 47. Bc4+ Kd4 48. Bxf7 Kc3 49. Bg6 Bh6 50. Ke2 Kd4 51. Bf5 Ke5 52. Bg6 f5
53. Kf3 f4 54. Bd3 Kd4 55. Bg6 Kc3 56. Bd3 Kb2 57. Ke4 Kxa2 58. Kd5 Kb2 59.
Kxc5 f3 60. Kb5 Kc3 61. Kxa5 Bc1 62. Ka4 f2 63. Bc4 Bh6 64. Bd3 Bd2 65. Kb5 Be3
66. Ka4 Bh6 67. Kb5 Bf8 68. Ka4 Bg7 69. Kb5 Bh6 70. Ka4 Bf4 71. Kb5 1/2-1/2

[Event "New Zealand Seniors Championship 2017"]
[Site "Mount Manganui NZL"]
[Date "2017.09.03"]
[Round "5.3"]
[White "Smith, Robert W"]
[Black "Marko, Helmut S"]
[Result "1-0"]
[WhiteElo "2353"]
[BlackElo "2067"]
[PlyCount "79"]
[EventDate "2017.09.01"]

1. e4 c5 2. Nf3 Nc6 3. Bb5 g6 4. O-O Bg7 5. Re1 a6 6. Bxc6 dxc6 7. d3 e5 8. a4
Ne7 9. a5 O-O 10. Be3 Qd6 11. Nbd2 Be6 12. Nc4 Bxc4 13. dxc4 Qe6 14. Bxc5 Rad8
15. Qe2 Rd7 16. Rad1 Rfd8 17. b3 f6 18. Bb6 Rxd1 19. Rxd1 Rxd1+ 20. Qxd1 Kf7
21. h3 Bf8 22. Bc5 Ke8 23. Qd3 Bh6 24. Bb6 Qd7 25. Kf1 Bf8 26. Bc5 Bh6 27. Ke2
Nc8 28. g4 Qc7 29. b4 Bf8 30. Bxf8 Kxf8 31. c5 Ke8 32. g5 Kf7 33. Qc4+ Kg7 34.
gxf6+ Kxf6 35. Qg8 Na7 36. Qf8+ Qf7 37. Qh8+ Qg7 38. Qb8 Nb5 39. Qxe5+ Kf7 40.
Ng5+ 1-0

[Event "New Zealand Seniors Championship 2017"]
[Site "Mount Manganui NZL"]
[Date "2017.09.03"]
[Round "5.4"]
[White "Booth, Anthony J"]
[Black "Goffin, Peter B"]
[Result "1/2-1/2"]
[WhiteElo "1486"]
[BlackElo "1817"]
[PlyCount "80"]
[EventDate "2017.09.01"]

1. d4 Nf6 2. c4 g6 3. Nc3 d5 4. Nf3 Bg7 5. cxd5 Nxd5 6. e4 Nxc3 7. bxc3 O-O 8.
Be2 c5 9. O-O Nc6 10. Be3 cxd4 11. cxd4 Bg4 12. e5 Rc8 13. Qd2 Qd7 14. Rfd1
Rfd8 15. Rac1 e6 16. h3 Bxf3 17. Bxf3 Ne7 18. Bg5 Rxc1 19. Rxc1 Rc8 20. Rxc8+
Nxc8 21. Qb4 b6 22. Qc4 Ne7 23. Bxe7 Qxe7 24. Qc8+ Bf8 25. Qc3 Qb4 26. Qxb4
Bxb4 27. d5 exd5 28. Bxd5 Kf8 29. f4 Ke7 30. Kf2 Bc5+ 31. Kf3 a5 32. a4 Kf8 33.
g4 Ke7 34. f5 gxf5 35. gxf5 h6 36. f6+ Kf8 37. Kf4 Bf2 38. Kf5 Be3 39. e6 fxe6+
40. Bxe6 Bd2 1/2-1/2

[Event "New Zealand Seniors Championship 2017"]
[Site "Mount Manganui NZL"]
[Date "2017.09.03"]
[Round "5.5"]
[White "Milligan, Helen"]
[Black "Gibbons, Robert E"]
[Result "1-0"]
[WhiteElo "2123"]
[BlackElo "2049"]
[PlyCount "81"]
[EventDate "2017.09.01"]

1. e4 e5 2. Nf3 Nf6 3. Nxe5 d6 4. Nf3 Nxe4 5. d4 d5 6. Bd3 Nc6 7. O-O Be7 8.
Re1 Bf5 9. Nc3 Nxc3 10. bxc3 Bxd3 11. Qxd3 O-O 12. Rb1 Na5 13. Qf5 b6 14. Bf4
g6 15. Qh3 Bf6 16. Qg3 Rc8 17. h4 Nc4 18. h5 Nd6 19. Ne5 Nf5 20. Qh3 c6 21. Ng4
Bg7 22. Be5 Qh4 23. Qxh4 Nxh4 24. Bxg7 Kxg7 25. h6+ Kh8 26. Re7 c5 27. Rxa7
cxd4 28. Rxb6 Nf5 29. cxd4 Ra8 30. Rd7 Nxd4 31. Rbb7 Ne6 32. Nf6 Nd8 33. Rbc7
d4 34. Kh2 g5 35. Rd6 Rb8 36. a4 g4 37. a5 Nb7 38. Rb6 Nxa5 39. Rxb8 Rxb8 40.
Rxf7 Rb7 41. Rf8# 1-0

[Event "New Zealand Seniors Championship 2017"]
[Site "Mount Manganui NZL"]
[Date "2017.09.03"]
[Round "5.6"]
[White "Lynn, K William"]
[Black "List, Robert"]
[Result "1-0"]
[WhiteElo "1852"]
[BlackElo "1681"]
[PlyCount "37"]
[EventDate "2017.09.01"]

1. e4 d6 2. d4 Nf6 3. Nc3 c6 4. f4 h5 5. Nf3 Qc7 6. Be2 e5 7. fxe5 dxe5 8. Nxe5
Bd6 9. Nf3 Bf4 10. e5 Bxc1 11. Qxc1 Ng4 12. h3 Nh6 13. Qg5 g6 14. Ne4 Qa5+ 15.
c3 Nd7 16. Nd6+ Kf8 17. O-O b5 18. Nh4 Kg7 19. Bxh5 1-0

[Event "New Zealand Seniors Championship 2017"]
[Site "Mount Manganui NZL"]
[Date "2017.09.03"]
[Round "5.7"]
[White "Laurie, Ian"]
[Black "Burgess, Ken"]
[Result "1/2-1/2"]
[WhiteElo "1736"]
[BlackElo "1547"]
[PlyCount "102"]
[EventDate "2017.09.01"]

1. c4 c6 2. Nc3 Nf6 3. Nf3 d5 4. cxd5 cxd5 5. g3 Nc6 6. d4 e6 7. Bg2 a6 8. O-O
Bd6 9. Bg5 h6 10. Bxf6 Qxf6 11. e3 O-O 12. Rc1 Bd7 13. Na4 Qd8 14. Nc5 Ra7 15.
Qd2 b6 16. Nd3 Qb8 17. Nfe1 Rc8 18. f4 Ne7 19. Nf3 Bb5 20. Rxc8+ Qxc8 21. Rc1
Rc7 22. Rxc7 Qxc7 23. Nde5 f6 24. Ng4 Qc4 25. a3 Qd3 26. Nf2 Qb1+ 27. Ne1 Qa2
28. Qc1 Qb3 29. Nd1 Qc4 30. Nc3 e5 31. fxe5 fxe5 32. Nc2 e4 33. Nxb5 axb5 34.
Bf1 Qc6 35. Qd2 Qd7 36. b4 Nc8 37. Ne1 Be7 38. Qe2 Nd6 39. Qh5 Nc4 40. Nc2 Bg5
41. Bh3 Qf7 42. Qxf7+ Kxf7 43. Kf2 g6 44. Bd7 Nd6 45. h4 Bd8 46. Kg2 Ke7 47.
Bc6 Ke6 48. a4 bxa4 49. Bxa4 b5 50. Bb3 Nc4 51. Kf2 Be7 1/2-1/2

[Event "New Zealand Seniors Championship 2017"]
[Site "Mount Manganui NZL"]
[Date "2017.09.03"]
[Round "5.9"]
[White "Gothorp, Thomas H T"]
[Black "Smith, Vivian J"]
[Result "1/2-1/2"]
[WhiteElo "1564"]
[BlackElo "1785"]
[PlyCount "65"]
[EventDate "2017.09.01"]

1. d4 Nf6 2. Nf3 g6 3. g3 Bg7 4. Bg2 O-O 5. O-O c6 6. Bf4 Nd5 7. Bg5 h6 8. Bc1
d6 9. c4 Nf6 10. e3 Nbd7 11. Nc3 e5 12. d5 c5 13. Qc2 a6 14. Nd2 Nh7 15. f4
exf4 16. exf4 f5 17. Nf3 Ndf6 18. Bd2 Re8 19. Rfe1 Bd7 20. Rxe8+ Qxe8 21. a4
Nf8 22. Re1 Qf7 23. b3 Re8 24. Qb1 Rxe1+ 25. Qxe1 Qe8 26. Qxe8 Nxe8 27. a5 Bf6
28. Nb1 Bd8 29. Be1 b6 30. axb6 Bxb6 31. Bc3 Kf7 32. Bf1 Nf6 33. Bd3 1/2-1/2